00777nas a2200241 4500001001300000003000900013005001700022007000300039008003400042040005400076072000800130100001900138100001800157100002200175100001300197100001900210245008800229650001300317650002000330650001900350773009200369856007400461BR2011004147BR-BrBNA20231205115449.0ta230509b bl.|||p| |||| 00| 00por d aBR-BrBNAbporcBiblioteca Nacional de Agricultura aP351 aCordeiro, F.C.1 aPereira, M.G.1 aAnjos, L.H.C. dos1 aLoss, A.1 aStaffanto, J.B1 aAtributos edáficos em pastagens da região noroeste do Estado do Rio de Janeiro  aPASTAGEM aRECURSO DO SOLO aRIO DE JANEIRO0 tComunicata Scientiae (Brazil)xISSN 2177-5133g(2010), v. 1(2) p. 106-113wBR201100414740uhttp://comunicata.ufpi.br/index.php/comunicata/article/download/47/51